| 000 | 01162nab a22002177a 4500 | ||
|---|---|---|---|
| 999 |
_c5715 _d5715 |
||
| 003 | OSt | ||
| 005 | 20251231000130.0 | ||
| 008 | 190605e xxu||||| |||| 00| 0 spa d | ||
| 040 | _cPJ | ||
| 100 |
_96640 _aDi Giorgio, Federico H. |
||
| 245 | 1 | 3 |
_a¿Hacia un quietus en la situación del delegado gremial en condiciones de jubilarse? / _cFederico H. Di Giorgio. |
| 260 |
_aCiudad Autónoma de Buenos Aires : _bThomson Reuters La Ley, _c2024. |
||
| 300 | _ap. 215-226 | ||
| 500 | _aCita: TR LALEY AR/DOC/2042/2024 | ||
| 505 | _aSumario: I. Introducción.— II. La res. CSJN 777/2024. Antecedentes y Resolución.— III. Evolución de la jurisprudencia relacionada con el trabajador en ejercicio de tutelas gremiales y en condiciones de jubilarse.— IV. La solución de la CSJN en el Expediente 6132/2023. | ||
| 505 | _t¿Te interesa el texto completo? Solicitalo al correo: koha@justierradelfuego.gov.ar | ||
| 650 | 0 |
_91316 _aDERECHO LABORAL |
|
| 650 | 0 |
_91395 _aSEGURIDAD SOCIAL |
|
| 773 | 0 |
_02711 _93168 _dCiudad Autónoma de Buenos Aires : Thomson Reuters La Ley, 1999-2002. _tRevista de derecho del trabajo. Nº 5 - Septiembre 2024 |
|
| 942 |
_2udc _cANA |
||